000 00739nam a2200241Ia 4500
005 20250425162436.0
008 250425s9999 xx 000 0 und d
020 _a0131918354
041 _aeng
082 _a621.382
_pSTA
100 _aStallings, William
245 0 _aWireless Communications and Networks
_cWilliam Stallings
250 _aSegunda ed.
260 _aEstados Unidos
_bPearson
_c2005
300 _a559 p.
_bIlustrado
_c24 cm
500 _aIncluye tabla de contenido, glosario, bibliografía, índice
650 _aRedes de área local inalámbricas
_eRedes LAN
650 _aRedes Wi-Fi
650 _aSistemas de comunicación inalámbricos
902 _aMonográfico
_cImpreso
942 _c01
010 _a74285
999 _c229315
_d229315